000 01301nam a2200421 i 4500
001 30265
003 KOSZ 005
005 20200803130718.0
008 970513s1992 pl f |001 0 pol
015 _aUWD 1992/6828
020 _a8390023423
035 _a991001410109705066
035 _a(PL-WaBN)b10407091-48omnis_nlop
035 _ab10407091
035 _a(OCoLC)834075923
035 _a(PL)b0000001040709
035 _a(EXLNZ-48OMNIS_NETWORK)9910393314805606
040 _aWA N
_cWA N
_dKOSZ 005/EG
080 _a336.7
080 _a(03)
100 1 _aCywiński, Henryk
_eAutor
245 1 0 _aPieniądz :
_bprzegląd encyklopedyczny /
_cHenryk Cywiński.
260 _aWarszawa :
_b"KeyTex",
_c1992.
300 _a253 s. ;
_c22 cm.
336 _aTekst
_btxt
_2rdacontent
337 _aBez urządzenia pośredniczącego
_bn
_2rdamedia
338 _aWolumin
_bnc
_2rdacarrier
380 _aKsiążki
388 _a1901-2000
388 _a1989-2000
504 _aBibliogr. s. 252-253. - Indeks.
650 7 _aPieniądz
_2DBN
655 7 _aEncyklopedia
_2DBN
658 _aGospodarka, ekonomia, finanse
856 _uhttp://koha.tu.koszalin.pl/cgi-bin/koha/opac-detail.pl?biblionumber=30265
_yKatalog online BPK
942 _2UKD
_cKS
999 _c30265
_d30265